Постановление ГКО СССР № 2739 с о создании автомобильного резерва Ставки Верховного главного командования и об организации ремон...

RUSMARC
00005766cbm0a2200349#x 450
00199f6ef71-d5cc-4720-a563-2c868c9f24dd
00520240819135752.0
100##$a20240813j19430113k###0rusy50 ca
1010#$arus
102##$aRU
105##$ay###z########
1220#$ad19430113##
2001#$aПостановление ГКО СССР № 2739 с о создании автомобильного резерва Ставки Верховного главного командования и об организации ремонта автомашин Красной армии, с приложением ведомости материалов, докладной записки Берии Л. П., Микояна А. И., Маленкова Г. М., Хрулева А. В., Белокоскова В. Е. Сталину И. В. и справок
$j13 января 1943 г.
251##$cДокумент
300##$aРассылочный и подлинный экземпляры
461#0$12001
$aФ. 644
$1251
$cФонд
$1852
$j644
462#0$12001
$aОп. 1
$1251
$cОпись
$1852
$j1
60101$2nlr_sh
$3RU\NLR\AUTH\661357733
$aСССР
$bГосударственный Комитет Обороны
$xИстория
$jДокументы и материалы
605##$2prlib_sh
$3LIBNET\UAF\0000088514
$aВторая мировая война в архивных документах (Комплекс оцифрованных архивных документов, кино- и фотоматериалов)
$lколлекция
605##$2acquisition_Prlib
$3DITM\AF\0000002775
$aВласть
$lколлекция
6061#$2nlr_sh
$3RU\NLR\AUTH\661280795
$aВеликая Отечественная война
$z1941 - 1945
$xТыл(воен.)
$jДокументы и материалы
6061#$2prlib_sh
$3LIBNET\UAF\0000111015
$aВоенная промышленность
$xИстория
$yСССР
$z1941 - 1945
$jДокументы и материалы
6061#$2nlr_sh
$3RU\NLR\AUTH\661255311
$aВоенный автомобильный транспорт
$xИстория
$yСССР
$z1941 - 1945
$jДокументы и материалы
686##$a63.3(2)622-3ю11
$vLBC/M
$2rubbk
686##$a63.3(2)622,12ю1
$2rubbk
$vLBC/M
686##$a65.305.04ю1
$vLBC/M
$2rubbk
686##$a68.72ю1
$vLBC/M
$2rubbk
801#0$aRU
$bПБ им. Б.Н. Ельцина
$c20240813
801#1$aRU
$bПБ им. Б.Н. Ельцина
$c20240813
$2rusmarc
801#2$aRU
$bПБ им. Б.Н. Ельцина
$c20240819
$2rusmarc
850##$aРоссийский государственный архив социально-политической истории
852##$aРГАСПИ
$jД. 81. Л. 199-237; Оп. 2. Д. 126. Л. 1-46
035##$aLIBNET\0001416203
937##$d193520649
$hФедеральное архивное агентство
8564#$uhttp://readingroom.main.prlib.ru/item.aspx?id_node=n193520649&mode=full
Формат отображения